| 000 | 01407nam a2200337Ia 4500 | ||
|---|---|---|---|
| 001 | ebr10661575 | ||
| 003 | CaPaEBR | ||
| 006 | m u | ||
| 007 | cr cn||||||||| | ||
| 008 | 100909s2010 nyuab sb 001 0 eng d | ||
| 010 | _z 2010036444 | ||
| 020 | _z1611221315 (hardcover) | ||
| 020 | _z9781611221312 (hardcover) | ||
| 020 | _z9781611226027 | ||
| 040 |
_aCaPaEBR _cCaPaEBR |
||
| 035 | _a(OCoLC)730450361 | ||
| 050 | 1 | 4 |
_aSD409 _b.R49 2010eb |
| 245 | 0 | 0 |
_aRestoring degraded landscapes with native species in Latin America _h[electronic resource] / _cFlorencia Montagnini and Christopher Finney, editors. |
| 260 |
_aHauppauge, NY : _bNova Science, _cc2010. |
||
| 300 |
_avi, 244 p. : _bill., maps. |
||
| 490 | 0 | _aEnvironmental remediation technologies, regulations and safety | |
| 504 | _aIncludes bibliographical references and index. | ||
| 533 |
_aElectronic reproduction. _bPalo Alto, Calif. : _cebrary, _d2013. _nAvailable via World Wide Web. _nAccess may be limited to ebrary affiliated libraries. |
||
| 650 | 0 |
_aForest restoration _zLatin America. |
|
| 650 | 0 |
_aReforestation _zLatin America. |
|
| 655 | 7 |
_aElectronic books. _2local |
|
| 700 | 1 |
_aMontagnini, Florencia, _d1950- |
|
| 700 | 1 | _aFinney, Christopher. | |
| 710 | 2 | _aebrary, Inc. | |
| 856 | 4 | 0 |
_uhttp://site.ebrary.com/lib/rucke/Doc?id=10661575 _zAn electronic book accessible through the World Wide Web; click to view |
| 999 |
_c170339 _d170339 |
||